LEADER 01219nam a2200217 i 4500 001 000000213833 003 CaOOAMICUS 005 20120607000000.0 008 120607s1860 it u000 u eng u 013 $a192688 040 $aSeMil$bita 100 1 $aAnthon, Charles,$d<1797-1867>.$0(OLS)http://semarc/name/12216 245 12$aA Greek reader :$bselected principally from the work of Frederic Jacobs ... with English notes, critical and explanatory, a metrical index to Homer and Anacreon and a copious lexicon /$cby Charles Anthon. 260 $aNew York :$bHarper & Brothers,$c1860. 300 $a614 p. ;$c19 cm. 650 4$aLingua greca - Dizionari inglesi - Ed. ante 1900.$0(OLS)http://semarc/subject/39897 700 1 $aJacobs, Friedrich,$d<1764-1847>.$0(OLS)http://semarc/name/76152 850 $aSeMil 852 $aSeMil$W1$xVenegono$y1$m1Z II 205 FA$j164261$B164261$CSeMilBibl$Z2$F175303 $8I 996 $6245$aA Greek reader :$bselected principally from the work of Frederic Jacobs ... with English notes, critical and explanatory, a metrical index to Homer and Anacreon and a copious lexicon$9(OLS)http://semarc/title/308217 996 $6260$aNew York :$bHarper & Brothers$9(OLS)http://semarc/publisher/37010 LEADER 01160nam a2200265 i 4500 001 000000191516 003 CaOOAMICUS 005 20100809000000.0 008 100809s1971 it u000 u ita u 013 $a170072 040 $aSeMil$bita 100 1 $aQuacquarelli, Antonio.$0(OLS)http://semarc/name/3 245 10$aSaggi patristici :$b(retorica ed esegesi biblica) /$cAntonio Quacquarelli. 260 $aBari :$bAdriatica,$c1971. 300 $a556 p., [15] c. di tav. :$bill. ;$c25 cm. 490 0 $aQuaderni di Vetera Christianorum ;$v5 650 4$aBibbia - Interpretazione.$0(OLS)http://semarc/subject/1295 650 4$aLetteratura cristiana - Studi.$0(OLS)http://semarc/subject/13411 650 4$aPatristica - Studi.$0(OLS)http://semarc/subject/3628 830 0$aQuaderni di Vetera Christianorum ;$v5.$0(OLS)http://semarc/title/31198 850 $aSeMil 852 $aSeMil$W1$xVenegono$y1$m2U IV 105$j142130$B142130$CSeMilBibl$Z2$F153661 $81 961 $aRecupero: Altro 996 $6245$aSaggi patristici :$b(retorica ed esegesi biblica)$9(OLS)http://semarc/title/275964 996 $6260$aBari :$bAdriatica$9(OLS)http://semarc/publisher/30181